zpět

Detail výsledku týmu

Pivárna, Sloup

Datum a čas kvízu

31 Celkem bodů Celkový počet nahraných bodů na tomto kvízu bez doplňovacích otázek.
4. Pořadí na kvízu Konečné umístění týmu na tomto kvízu.

Zaznamenané odpovědi

# Otázka Odpověď Body Výsledky
1. Které novinářské ocenění si v... Cenu Ferdinanda Peroutky 1
2. Co neobvyklého našli lékaři v... dělostřelecký granát 0
3. Jak se jmenuje festival zaměře... D) P*fest 1
4. Do aukční historie se nově zap... Rembrandt (Harmenszoon van Rijn) 1
5. Ještě před slavnostním zahájen... vyčural nápis do sněhu 0
6. 17. února 1600 byl na Campo de... Giordano Bruno 1
7. 1. ledna 1700 jeden ruský car... Petr I. Veliký 1
8. Za kulatý letopočet budeme dne... Brouček 1
9. 16. listopadu 1900 se v Olomou... Eliška Junková 0
10. Od 15. září do 1. října 2000 s... Jan Železný; Sydney 0.5